|
|
|
|
| LEADER |
01061nam a2200241 a 4500 |
| 001 |
00027354 |
| 008 |
130804s2013 nyua b 001 0 eng |
| 020 |
|
|
|a 9780170225441 (pbk.)
|
| 040 |
|
|
|a BD-DhAAL
|c BD-DhAAL.
|
| 082 |
0 |
0 |
|a 338.5
|2 22
|
| 100 |
1 |
|
|a Borland, Jeff
|
| 245 |
1 |
0 |
|a Microeconomics :
|b case studies and applications /
|c Jeff Borland
|
| 250 |
|
|
|a 2nd ed.
|
| 260 |
|
|
|a South Melbourne, Vic. :
|b Cengage Learning Australia,
|c c2013
|
| 300 |
|
|
|a xiv, 362 p. :
|b ill. ;
|c 24 cm.
|
| 504 |
|
|
|a Includes bibliographical references and index.
|
| 541 |
|
|
|e 00027354
|
| 650 |
|
0 |
|a Microeconomics
|
| 650 |
|
0 |
|a Microeconomics
|v Case studies
|
| 852 |
1 |
|
|a Ayesha Abed Library
|j General shelf.
|
| 999 |
|
|
|c 13839
|d 13839
|
| 952 |
|
|
|0 0
|1 0
|4 0
|6 338_500000000000000_BOR
|7 0
|9 23163
|a IGS
|b IGS
|c GEN
|d 2013-08-18
|e Trim Education
|g 10075.00
|l 0
|o 338.5 BOR
|p 3010027354
|r 2013-08-18
|t 1
|w 0000-00-00
|y BK
|x Available
|
| 952 |
|
|
|0 0
|1 0
|4 0
|6 338_500000000000000_BOR
|7 0
|9 23164
|a IGS
|b IGS
|c GEN
|d 2013-08-18
|e Trim Education
|g 10075.00
|l 0
|o 338.5 BOR
|p 3010027355
|r 2013-08-18
|t 2
|w 0000-00-00
|y BK
|x Available
|